书目信息 |
| 题名: |
民族地区特色产业论
|
|
| 作者: | 郭京福 编著 | |
| 分册: | ||
| 出版信息: | 北京 民族出版社 2006.60 |
|
| 页数: | ||
| 开本: | 32开 | |
| 丛书名: | ||
| 单 册: | ||
| 中图分类: | F127.8 | |
| 科图分类: | ||
| 主题词: | 经济--中国 | |
| 电子资源: | ||
| ISBN: | 7-105-07785-9 | |
| 000 | 00532nam0 2200181 450 | |
| 001 | 0736196517 | |
| 005 | 20070924100316.51 | |
| 010 | @a7-105-07785-9@d¥25.00 | |
| 100 | @a20070924d km y0chiy0120 ea | |
| 101 | 0 | @achi |
| 200 | 1 | @a民族地区特色产业论@Amin zu di qu te se chan ye lun@f郭京福 等编著@Fguo jing fu deng bian zhu |
| 210 | @a北京@c民族出版社@d2006.60 | |
| 215 | @d32开 | |
| 606 | 0 | @a经济@x中国 |
| 690 | @aF127.8@v3 | |
| 701 | 0 | @a郭京福@Aguo jing fu@4编著 |
| 801 | 0 | @aCN@bPFT@c20070924 |
| 905 | @a213230@dF127.8@eZY16@f1 | |
| 民族地区特色产业论/郭京福 等编著.-北京:民族出版社,2006.60 |
| 32开 |
| ISBN 7-105-07785-9:¥25.00 |
| ● |
| 相关链接 |
|
|
|
|
正题名:民族地区特色产业论
索取号:F127.8/ZY16
 
预约/预借
| 序号 | 登录号 | 条形码 | 馆藏地/架位号 | 状态 | 备注 |
| 1 | 7902302 | 279023021 | 密集书库-资源管理系/ [索取号:F127.8/ZY16] | 在馆 |